000 00605nam a2200205 4500
999 _c188940
_d188940
005 20220608105704.0
010 _aENG-133114
020 _c50.00
035 _aEN-116646
037 _bDBAD/PUB
082 _a881
245 _aInspiring Feelings:
_bAn Anthology of Poems/
_cedited by Suresh Frederick and M.Akbar Ali
250 _a1st
260 _aChennai
_bPavai Printers (P) Ltd
_c2012
270 _a142, Jani Jan Khan Road, Royapettah
_bChennai
_e600014
300 _a105p.
_c21cm(pbk)
700 _aFrederick, Suresh
700 _aAli, M.Akbar
942 _2ddc
_cEN
_h881
_mINS